000 00471nam a22001697a 4500
003 NUST - PNEC
005 20170116181154.0
008 160108b xxu||||| |||| 00| 0 eng d
020 _a9693509378
040 _cLIBRARY
082 _a891.4393 ASK
100 _915767
_aAskari, Mohammad Hassan
245 _aAskary nama
_cMohammad Hassan Askari
260 _aLahore:
_bSang-e-Meel Publications,
_cc1998.
650 _915768
_aUrdu Literature
_xGeneral
942 _2ddc
_cBK
999 _c71124
_d71124